|
|
|
|
| LEADER |
00854cam a2200229 a 4500 |
| 001 |
0000077561 |
| 005 |
20100406090000.0 |
| 040 |
|
|
|a mod
|
| 041 |
|
|
|a eng
|
| 020 |
0 |
0 |
|a 9830996093
|
| 090 |
0 |
0 |
|a 297.211
|b YAH
|e 2005
|
| 100 |
1 |
0 |
|a Yahya
|h Harun
|
| 245 |
1 |
0 |
|a Rukun yang menjadi prinsip agama Islam
|c pengarang, Harun Yahya
|f penterjemah, Intan Baizura Salman Halili
|f penyunting, Noraine Abu
|
| 260 |
0 |
0 |
|a Kuala Lumpur
|b Al-Hidayah Publishers
|c 2005
|
| 300 |
0 |
0 |
|a 196 p.
|c 21 cm
|
| 650 |
0 |
0 |
|a Islam
|x Essence, genius, nature
|
| 700 |
1 |
1 |
|a Intan Baizura Salman Halili
|
| 700 |
1 |
1 |
|a Noraine Abu
|
| 852 |
0 |
0 |
|a 01
|
| 999 |
|
|
|a 0232321
|b KD Malaya
|d BOOKS
|e Umum
|f KD MALAYA
|j AVAILABLE
|q GOOD CONDITION
|
| 999 |
|
|
|a B000012790
|b KD Malaya
|d BOOKS
|e Umum
|f KD MALAYA
|j AVAILABLE
|q GOOD CONDITION
|
| 999 |
|
|
|a PH008038
|b KEMENTAH
|d BOOKS
|e Umum
|f Perpustakaan KEMENTAH
|j AVAILABLE
|q GOOD CONDITION
|